<?xml version="1.0" encoding="UTF-8"?>
<record
    xmlns:xsi="http://www.w3.org/2001/XMLSchema-instance"
    xsi:schemaLocation="http://www.loc.gov/MARC21/slim http://www.loc.gov/standards/marcxml/schema/MARC21slim.xsd"
    xmlns="http://www.loc.gov/MARC21/slim">

  <leader>01132nam a2200241 i 4500</leader>
  <controlfield tag="001">186489</controlfield>
  <controlfield tag="003">SpMaBN</controlfield>
  <controlfield tag="005">20230906222659.0</controlfield>
  <controlfield tag="008">161117s2010    sp aco   c   |||| |dspa d</controlfield>
  <datafield tag="020" ind1=" " ind2=" ">
    <subfield code="a">978-84-7506-970-8</subfield>
  </datafield>
  <datafield tag="080" ind1=" " ind2=" ">
    <subfield code="a">003.332.5.077(060.64)</subfield>
  </datafield>
  <datafield tag="245" ind1="0" ind2="0">
    <subfield code="a">Libertad e innovaci&#xF3;n </subfield>
    <subfield code="b">: caligraf&#xED;a &#xE1;rabe contempor&#xE1;nea : [exposici&#xF3;n] / </subfield>
    <subfield code="c">Nja Mahdaoui, Jalid Al-Saai, Rima Farah, Hassan Massoudy, Munir Al-Shaarani ; editado por Jos&#xE9; Miguel Puerta V&#xED;lchez ; [traducciones, Luis Miguel P&#xE9;rez Ca&#xF1;ada, Sami Bagdadi, Jos&#xE9; Miguel Puerta V&#xED;lchez].</subfield>
  </datafield>
  <datafield tag="260" ind1=" " ind2=" ">
    <subfield code="a">[Madrid] : </subfield>
    <subfield code="b">Casa &#xC1;rabe : </subfield>
    <subfield code="b">Turner, </subfield>
    <subfield code="c">[2010]</subfield>
  </datafield>
  <datafield tag="300" ind1=" " ind2=" ">
    <subfield code="a">139, [56] p. : </subfield>
    <subfield code="b">il. col., retr. ; </subfield>
    <subfield code="c">30 cm.</subfield>
  </datafield>
  <datafield tag="546" ind1=" " ind2=" ">
    <subfield code="a">Cub. y port. adicionales, con texto tambi&#xE9;n en &#xE1;rabe.</subfield>
  </datafield>
  <datafield tag="650" ind1=" " ind2="7">
    <subfield code="a">Caligraf&#xED;a &#xE1;rabe-</subfield>
    <subfield code="v">Exposiciones.</subfield>
    <subfield code="9">161288</subfield>
  </datafield>
  <datafield tag="655" ind1=" " ind2="7">
    <subfield code="2">tgfbne</subfield>
    <subfield code="9">193628</subfield>
    <subfield code="a">Cat&#xE1;logos de exposiciones</subfield>
  </datafield>
  <datafield tag="700" ind1="1" ind2=" ">
    <subfield code="a">Puerta V&#xED;lchez, Jos&#xE9; Miguel (</subfield>
    <subfield code="d">1959-)</subfield>
    <subfield code="9">161289</subfield>
  </datafield>
  <datafield tag="710" ind1="2" ind2=" ">
    <subfield code="a">Casa &#xC1;rabe e Instituto Internacional de Estudios &#xC1;rabes y del Mundo Musulm&#xE1;n.</subfield>
    <subfield code="9">148163</subfield>
  </datafield>
  <datafield tag="852" ind1=" " ind2=" ">
    <subfield code="a">ES-MaACL</subfield>
    <subfield code="j">L-30834</subfield>
  </datafield>
  <datafield tag="942" ind1=" " ind2=" ">
    <subfield code="2">udc</subfield>
  </datafield>
  <datafield tag="999" ind1=" " ind2=" ">
    <subfield code="c">186489</subfield>
    <subfield code="d">186489</subfield>
  </datafield>
  <datafield tag="952" ind1=" " ind2=" ">
    <subfield code="0">0</subfield>
    <subfield code="1">0</subfield>
    <subfield code="4">0</subfield>
    <subfield code="7">0</subfield>
    <subfield code="a">ATENEOM</subfield>
    <subfield code="b">ATENEOM</subfield>
    <subfield code="c">DEPO2</subfield>
    <subfield code="d">2016-11-17</subfield>
    <subfield code="e">DON</subfield>
    <subfield code="l">0</subfield>
    <subfield code="o">L-30834</subfield>
    <subfield code="p">1196654</subfield>
    <subfield code="r">2023-02-23 00:00:00</subfield>
    <subfield code="w">2023-02-23</subfield>
    <subfield code="y">MONOGRAFIA</subfield>
  </datafield>
</record>
